000 00291nam a2200109Ia 4500
008 200302s9999 xx 000 0 und d
100 _aTony Chapman
245 _aArchitecture 08- The Guide to the RIBA awards
260 _bMerrell Publishers Limited, London
260 _c2008
300 _a215 P
999 _c4417
_d4417